000 00393nam a2200133Ia 4500
008 220217s9999||||xx |||||||||||||| ||und||
020 _a9788126516476
082 _a004.65 BAR
100 _aBarker, Richard and Massiglia, Paul
245 0 _aStorage Area Network Essentials
260 _aWiely publishing, Inc
_bNew Delhi
_c2011
300 _axxvii;498
_b499
650 _aCOMPUTER NETWORK
999 _c182925
_d182925